000 00415nam a2200145Ia 4500
008 220217s9999||||xx |||||||||||||| ||und||
020 _a9789351108078
082 _a005.133 MCF
100 _aMcFarland, David Sawyer
_910207
245 0 _aJavaScript and JQuery
250 _a3
260 _aShroff publishers and dis. Pvt.
_bNew Delhi
_c2014
300 _aXXVIII, 655p.
_b675
650 _aPROGRAMMING LANGUAGE
999 _c188502
_d188502